|
|
|
|
| LEADER |
03453nam a2200505 4500 |
| 001 |
978-981-13-6241-5 |
| 003 |
DE-He213 |
| 005 |
20191028092237.0 |
| 007 |
cr nn 008mamaa |
| 008 |
190513s2019 si | s |||| 0|eng d |
| 020 |
|
|
|a 9789811362415
|9 978-981-13-6241-5
|
| 024 |
7 |
|
|a 10.1007/978-981-13-6241-5
|2 doi
|
| 040 |
|
|
|d GrThAP
|
| 050 |
|
4 |
|a QA276-280
|
| 072 |
|
7 |
|a PBT
|2 bicssc
|
| 072 |
|
7 |
|a MAT029000
|2 bisacsh
|
| 072 |
|
7 |
|a PBT
|2 thema
|
| 082 |
0 |
4 |
|a 519.5
|2 23
|
| 100 |
1 |
|
|a Dörre, Achim.
|e author.
|4 aut
|4 http://id.loc.gov/vocabulary/relators/aut
|
| 245 |
1 |
0 |
|a Analysis of Doubly Truncated Data
|h [electronic resource] :
|b An Introduction /
|c by Achim Dörre, Takeshi Emura.
|
| 250 |
|
|
|a 1st ed. 2019.
|
| 264 |
|
1 |
|a Singapore :
|b Springer Singapore :
|b Imprint: Springer,
|c 2019.
|
| 300 |
|
|
|a XVI, 109 p. 38 illus., 10 illus. in color.
|b online resource.
|
| 336 |
|
|
|a text
|b txt
|2 rdacontent
|
| 337 |
|
|
|a computer
|b c
|2 rdamedia
|
| 338 |
|
|
|a online resource
|b cr
|2 rdacarrier
|
| 347 |
|
|
|a text file
|b PDF
|2 rda
|
| 490 |
1 |
|
|a JSS Research Series in Statistics,
|x 2364-0057
|
| 505 |
0 |
|
|a Chapter 1: Introduction to double-truncation -- Chapter 2: Parametric inference under special exponential family -- Chapter 3: Parametric inference under location-scale family -- Chapter 4: Bayes inference -- Chapter 5: Nonparametric inference -- Chapter 6: Linear regression -- Appendix A: Data (if German company data are available) -- Appendix B: R codes for inference under exponential family -- Appendix C: R codes for inference under location-scale family -- Appendix D: R codes for Bayes inference -- Appendix E: R codes for linear regression.
|
| 520 |
|
|
|a This book introduces readers to statistical methodologies used to analyze doubly truncated data. The first book exclusively dedicated to the topic, it provides likelihood-based methods, Bayesian methods, non-parametric methods, and linear regression methods. These procedures can be used to effectively analyze continuous data, especially survival data arising in biostatistics and economics. Because truncation is a phenomenon that is often encountered in non-experimental studies, the methods presented here can be applied to many branches of science. The book provides R codes for most of the statistical methods, to help readers analyze their data. Given its scope, the book is ideally suited as a textbook for students of statistics, mathematics, econometrics, and other fields.
|
| 650 |
|
0 |
|a Statistics .
|
| 650 |
|
0 |
|a Biostatistics.
|
| 650 |
1 |
4 |
|a Statistical Theory and Methods.
|0 http://scigraph.springernature.com/things/product-market-codes/S11001
|
| 650 |
2 |
4 |
|a Applied Statistics.
|0 http://scigraph.springernature.com/things/product-market-codes/S17000
|
| 650 |
2 |
4 |
|a Biostatistics.
|0 http://scigraph.springernature.com/things/product-market-codes/L15020
|
| 650 |
2 |
4 |
|a Statistics and Computing/Statistics Programs.
|0 http://scigraph.springernature.com/things/product-market-codes/S12008
|
| 700 |
1 |
|
|a Emura, Takeshi.
|e author.
|4 aut
|4 http://id.loc.gov/vocabulary/relators/aut
|
| 710 |
2 |
|
|a SpringerLink (Online service)
|
| 773 |
0 |
|
|t Springer eBooks
|
| 776 |
0 |
8 |
|i Printed edition:
|z 9789811362408
|
| 776 |
0 |
8 |
|i Printed edition:
|z 9789811362422
|
| 830 |
|
0 |
|a JSS Research Series in Statistics,
|x 2364-0057
|
| 856 |
4 |
0 |
|u https://doi.org/10.1007/978-981-13-6241-5
|z Full Text via HEAL-Link
|
| 912 |
|
|
|a ZDB-2-SMA
|
| 950 |
|
|
|a Mathematics and Statistics (Springer-11649)
|